| 000 | 01982nam a2200397 a 4500 | ||
|---|---|---|---|
| 001 | ebr10675050 | ||
| 003 | CaPaEBR | ||
| 006 | m u | ||
| 007 | cr cn||||||||| | ||
| 008 | 091207s2010 nyua sb 001 0 eng d | ||
| 010 | _z 2009051297 | ||
| 020 | _z9781608768356 (hardcover) | ||
| 020 | _z9781616687304 (e-book) | ||
| 040 |
_aCaPaEBR _cCaPaEBR |
||
| 035 | _a(OCoLC)692205210 | ||
| 043 | _aa-cc--- | ||
| 050 | 1 | 4 |
_aLC5257.C6 _bL58 2010eb |
| 082 | 0 | 4 |
_a374/.951 _222 |
| 100 | 1 | _aLiu, Ning Rong. | |
| 245 | 1 | 0 |
_aDecentralization and marketization _h[electronic resource] : _bthe changing landscape of China's adult and continuing education / _cNing Rong Liu. |
| 260 |
_aNew York : _bNova Science Publishers, Inc., _cc2010. |
||
| 300 |
_axv, 216 p. : _bill. |
||
| 490 | 1 | _aEducation in a competitive and globalizing world | |
| 504 | _aIncludes bibliographical references and index. | ||
| 505 | 0 | _aIntroduction -- Research methodology -- Global influences: decentralization and marketization in higher education -- Historical perspectives: China's adult and continuing education -- Driving forces behind the reorganization of China's continuing education -- Changes in institutional structure and organizational culture: a case study -- Key findings, discussion, and conclusions. | |
| 533 |
_aElectronic reproduction. _bPalo Alto, Calif. : _cebrary, _d2013. _nAvailable via World Wide Web. _nAccess may be limited to ebrary affiliated libraries. |
||
| 650 | 0 |
_aAdult education _zChina. |
|
| 650 | 0 |
_aContinuing education _zChina. |
|
| 650 | 0 |
_aEducation, Higher _zChina. |
|
| 650 | 0 |
_aUniversities and colleges _xDecentralization _zChina. |
|
| 650 | 0 |
_aEducational change _zChina. |
|
| 655 | 7 |
_aElectronic books. _2local |
|
| 710 | 2 | _aebrary, Inc. | |
| 830 | 0 | _aEducation in a competitive and globalizing world series. | |
| 856 | 4 | 0 |
_uhttp://site.ebrary.com/lib/rucke/Doc?id=10675050 _zAn electronic book accessible through the World Wide Web; click to view |
| 999 |
_c162045 _d162045 |
||